Capitals A-Z - Statistics

General Stats
  • This quiz has been taken 20 times
  • The average score is 20 of 26
Answer Stats
Hint Capital % Correct
A) Red light, Anne Frank, Dutch Amsterdam
100%
B) Forbidden city, Peking Beijing
100%
H) Finnish, Baltic, Suomi Helsinki
95%
C) Table mountain, Cape of Good Hope Cape Town
89%
I) Pakistans capital since 1967 Islamabad
89%
J) Site of the Holy Land of the Crusades Jerusalem
89%
M) Former Aztec capital, now a megacityof 22 million Mexico City
89%
Q) Capital of Ecuador Quito
89%
V) Home to the Catholic Church, St PetersBasilica, and the Pope Vatican City
89%
Z) Capital of Croatia Zagreb
89%
D) This capital dates back to 9000 BC,one of the worlds oldest cities Damascus
84%
F) Was once the capital of the kingdomof Italy from 1865-1871 during unification Florence
84%
U) Translates to "Red Hero" in its native language Ulaanbaatar
84%
W) The southernmost capital on Earth Wellington
84%
S) Spanish for "Saint Dominic" Santo Domingo
79%
L) Established by Francisco Pizarro in1535 Lima
74%
R) The famous spired church, Hallgrimskirkja, is located here Reykjavik
74%
X) Capital that served over 13 dynastiesin ancient China Xian
74%
N) Tongan for "abode of love" Nukualofa
63%
P) Formerly called Titograd during Yugoslavia Podgorica
63%
E) Capital of the German DemocraticRepublic from 1949-1990 East Berlin
58%
G) Burundis' political capital Gitega
58%
Y) One of the oldest continuously inhabited capitals, established in 782 BC Yerevan
58%
O) Home to NHLs' Senators Ottawa
53%
T) Served as the Aztec capital on Lake Texcocofrom 1325 until the Spanish capture in 1522 Tenochtitlan
42%
K) Temporary capital of Lithuania from1919-1939 Kaunas
32%
No matching quizzes found
Score Distribution
Percent of People with Each Score
Percentile by Number Answered
Your Score History
You have not taken this quiz